Normal view
MARC view
Entry Personal Name
001 - CONTROL NUMBER
- control field: 11743
003 - CONTROL NUMBER IDENTIFIER
- control field: ARRUPE
005 - DATE AND TIME OF LATEST TRANSACTION
- control field: 20140925141125.0
008 - FIXED-LENGTH DATA ELEMENTS
- fixed length control field: 140925|| aca||aabn | a|a d
040 ## - CATALOGING SOURCE
- Original cataloging agency: ARRUPE
- Transcribing agency: ARRUPE
100 ## - HEADING--PERSONAL NAME
- Personal name: Frances,
- Titles and other words associated with a name: of Rome, Saint,
- Dates associated with a name: 1384-1440.
670 ## - SOURCE DATA FOUND
- Source citation: Work cat.: (ARRUPE)0: Keyes, Frances Parkinson, 1885-1970. 11741, Three ways of love., [1963]